000 00711cab a22002055a 4500
001 L157703
008 130327e20130323xxk 000 0 eng d
035 _a(Sirsi) u157703
041 0 _aeng
100 1 _aDollar, Peta
245 0 0 _aSelling to developers safely
260 _c2013
490 _aEstates Gazette
_v(1312) 23 March 2013, 74-75(2)
520 _aExplains how to minimise risk when selling land to developers. Includes information about planning obligations, the community infrastructure levy, overage and practical concerns when retaining land.
590 _aKA
651 4 _aUnited Kingdom
690 _aCommercial property
_96227
690 _aPlanning and development
_96259
942 _n0
999 _c84440
_d84440